Jug Gler/ (Record no. 215647)

MARC details
000 -LEADER
fixed length control field 00654nam a22002177a 4500
005 - DATE AND TIME OF LATEST TRANSACTION
control field 20260319115216.0
010 ## - LCCN (DPL NO)
LC control number ENG-147942
020 ## - INTERNATIONAL STANDARD BOOK NUMBER
International Standard Book Number 9789347216237
Terms of availability 200.00
035 ## - SYSTEM CONTROL NUMBER
System control number EN-131474
037 ## - SOURCE OF ACQUISITION
Source of stock number/acquisition DBAD
082 ## - DEWEY DECIMAL CLASSIFICATION NUMBER
Classification number S
Edition number 1
100 ## - MAIN ENTRY--PERSONAL NAME
Personal name Khurana Deepika
245 ## - TITLE STATEMENT
Title Jug Gler/
Statement of responsibility, etc Deepika Khurana
Medium English
250 ## - EDITION STATEMENT
Edition statement 1
260 ## - PUBLICATION, DISTRIBUTION, ETC. (IMPRINT)
Place of publication, distribution, etc Pune
Name of publisher, distributor, etc Vishwakarma Publication
Date of publication, distribution, etc 2026
270 ## - ADDRESS
Address 34A/1, Suyog Center7th Floor, Gultekadi Marketyard Road, Giridhar Bhavan Chowk, Pune: 411037, Maharashtra, India.
City Pune
Postal code 411037
300 ## - PHYSICAL DESCRIPTION
Extent 144p.
Dimensions 22cm(Pb)
700 ## - ADDED ENTRY--PERSONAL NAME
Personal name Khurana Deepika
9 (RLIN) 87103
760 ## - MAIN SERIES ENTRY
Edition 1
942 ## - ADDED ENTRY ELEMENTS (KOHA)
Source of classification or shelving scheme Dewey Decimal Classification
Item type English Books
Classification part S
Call number suffix KHU
Edition 1
Holdings
Withdrawn status Lost status Not for loan Collection code Home library Current library Date acquired Source of acquisition Cost, normal purchase price Full call number Barcode Copy number Cost, replacement price Koha item type
      Non-fiction Sarojini Nagar Sarojini Nagar 19/03/2026 DBAD 200.00 S KHU EN-131474 1 200.00 English Books

© Delhi Public Library
Hit Counter
free hit counter